000 01357nam a22002777a 4500
005 20091214111227.0
008 091214t xxu||||| |||| 00| 0 eng d
010 _aB-380598-600
020 _a9780007244515
_c75.00
035 _aB-380598-600
037 _bUBH
040 _adpl
_bEnglish
082 _aS
100 _aUmansky, Kaye
245 _aHorses' holiday /
_cby Kaye Umansky; illustrated by Ainslie Macleod
260 _aLondon
_bCollins
_c2007
270 _a77-85, Fulham Palace Road, Hammersmith
_bLondon
300 _a32p.:
_bcol. ill.
_c21cm(pbk)
490 _aCollins big cat read at home; edited by Cliff Moon
_vlevel 4 book b- love reading
700 _aMacleod, Ainslie
942 _2ddc
_cCH
_mUMA
_hS
999 _c32717
_d32717